00669nam a2200193Ia 4500952015000000999001500150003000400165005001700169008004100186020001800227040000900245082001800254100002700272245006500299260004900364300000900413650001100422942004200433 00102ddc40708BOTANYaMESbMEScBOTANYd2019-02-20g135.00l5m5o631.52 KAR/Pp33222r2025-03-27 14:09:56s2025-03-17w2019-02-20yBKzGL19R5 c1756d1756OSt20200930145150.0190216s9999||||xx |||||||||||||| ||und|| a9788173815195 coclc a631.52bKAR/P aKar, Dipak Kumar95238 0aPlant Breeding And Biometry /cDipak Kumar Kar ; Soma Halder bNew Central Book Agencies,aKolkata:c2006. a238p aBotany cBK2ddch631.52iKAR/Pk631.52mKAR/P